000 00452nam a2200181Ia 4500
001 13219
005 20260306163037.0
008 260306t2015||||xx |||||||||||||| ||spa||
041 _aESP
082 _a001.42
_bC28G
100 _aCaro Valverde, María Teresa
_eAUT
245 0 _aGuía de trabajos fin de grado en educación
260 _c2015
300 _a181 páginas :
_c23 cm.
650 _aGEN
654 _aCHU
942 _cLIB
_dJUS
_fJUS
_2ddc
_n
999 _c13219
_d13219